INTRODUCTION TO SYSTEMS ANALYSIS AND DESIGN (Record no. 572513)

000 -LEADER
fixed length control field 00368nam a22001337a 4500
020 ## - INTERNATIONAL STANDARD BOOK NUMBER
International Standard Book Number 81-203-1670-3
082 ## - DEWEY DECIMAL CLASSIFICATION NUMBER
Classification number 004.21 HAW
100 ## - MAIN ENTRY--PERSONAL NAME
Personal name HAWRYSZKIEWYCZ, IGOR
9 (RLIN) 63797
245 ## - TITLE STATEMENT
Title INTRODUCTION TO SYSTEMS ANALYSIS AND DESIGN
260 ## - PUBLICATION, DISTRIBUTION, ETC.
Place of publication, distribution, etc. NEW DELHI
Name of publisher, distributor, etc. PRENTICE HALL INDIA
Date of publication, distribution, etc. 2002
300 ## - PHYSICAL DESCRIPTION
Extent XVIII,484P
650 ## - SUBJECT ADDED ENTRY--TOPICAL TERM
Topical term or geographic name entry element SYSTEMS ANALYSIS AND DESIGN
9 (RLIN) 60329
942 ## - ADDED ENTRY ELEMENTS (KOHA)
Koha item type Book
Holdings
Withdrawn status Lost status Damaged status Not for loan Permanent Location Current Location Shelving location Date acquired Total Checkouts Full call number Barcode Date last seen Price effective from Koha item type
        College of Electrical & Mechanical Engineering (CEME) College of Electrical & Mechanical Engineering (CEME) General Stacks 07/26/2017   004.21 HAW CEM-36654 06/28/2021 06/28/2021 Book
© 2023 Central Library, National University of Sciences and Technology. All Rights Reserved.